Biblioteca

Mitos y leyendas de Canaan según la tradición de ugarit / G. del Olmo Lete (Registro nro. 39201)

Detalles MARC
000 -LÍDER
Campo fijo de descripción fija 006430000a22002050004500
020 ## - NÚMERO INTERNACIONAL NORMALIZADO PARA LIBROS
Número Internacional Normalizado del libro 84-7057-297-0
041 0# - CÓDIGO DE IDIOMA
Código de idioma para texto/pista de sonido o título separado
082 04 - NÚMERO DE CLASIFICACIÓN DECIMAL DEWEY
Número de clasificación G 291.1 O512m
001 - NÚMERO DE CONTROL
Campo de control 9125
100 1# - ASIENTO PRINCIPAL--NOMBRE PERSONAL
Nombre personal Olmo Lete, G. del (Gregorio) (1935-)
245 10 - TÍTULO
Título del Material Mitos y leyendas de Canaan según la tradición de ugarit / G. del Olmo Lete
260 ## - PUBLICACIÓN, DISTRIBUCIÓN, ETC. (PIE DE IMPRENTA)
Lugar de publicación, distribución, etc. Madrid, España : Cristiandad
300 ## - DESCRIPCIÓN FÍSICA
Extensión 699 Pag
336 ## - CONTENT TYPE
Content type term texto
Content type code txt
Source rdacontent
337 ## - MEDIA TYPE
Source rdamedia
Media type term sin mediación
Media type code n
338 ## - CARRIER TYPE
Source rdacarrier
Carrier type term volumen
Carrier type code nc
650 14 - ASIENTO SECUNDARIO DE MATERIA - TERMINO TEMÁTICO
Término temático o nombre geográfico como elemento de entrada LITERATURA - HISTORIA Y CRITICA - UGARIT \ LITERATURA - UGARIT
942 ## - TIPO DE MATERIAL (KOHA)
Tipo de Item KOHA Libros General
Existencias
Estado de Material Estado de Perdido Estado de Dañado No para Préstamo Colección Tomo Biblioteca de Origen Biblioteca Permanente Fecha de Adquisición Total de Préstamos Signatura Topográfica Código de Barras Última vez visto Última vez Préstado Ejemplar/Existencia Fecha de Remplazo Tipo de Material
        Colección General 1 Biblioteca FUSBC Biblioteca FUSBC 18/01/2005 1 G 291.1 O512m 8587 31/08/2022 03/10/2016 2 26/01/2016 Libros General
        Colección General 1 Biblioteca FUSBC Biblioteca FUSBC 18/01/2005 2 G 291.1 O512m 8588 01/10/2024 25/09/2024 1 26/01/2016 Libros General

Biblioteca FUSBC | Teléfono: (57+4) 349 88 10 Ext. 141| WhatsApp (+57) 3005338115 
E-mail: biblioteca@unisbc.edu.co | Calle 76 87-14 Robledo Palenque, Medellín, Colombia

Con tecnología Koha